Troubleshooting Process Operations.
Сохранить в:
| Главный автор: | |
|---|---|
| Формат: | Неизвестно |
| Опубликовано: |
Tulsa, Oklahoma, USA:
PennWell Corporation,
2009.
|
| Редактирование: | Fourth Edition. |
| Предметы: | |
| Метки: |
Добавить метку
Нет меток, Требуется 1-ая метка записи!
|
MARC
| LEADER | 00000 a2200000 4500 | ||
|---|---|---|---|
| 003 | CL-VaPUC | ||
| 005 | 20250303145359.0 | ||
| 008 | 241209t2009 ||||| |||| 00| 0 eng d | ||
| 999 | |c 445835 |d 445833 | ||
| 020 | |a 9781593701765 | ||
| 040 | |c Pontificia Universidad Católica de Valparaíso | ||
| 082 | 7 | |a 665.530288 LIE 2009 |2 22 | |
| 100 | |a Lieberman, Norman P |9 393438 |e author | ||
| 245 | |a Troubleshooting Process Operations. | ||
| 250 | |a Fourth Edition. | ||
| 260 | |a Tulsa, Oklahoma, USA: |b PennWell Corporation, |c 2009. | ||
| 300 | |a xx, 686 páginas. | ||
| 583 | |k GC |c 20241209 | ||
| 650 | |a Refinerías de petróleo |x Mantención y reparación |v Manuales |9 894613 | ||
| 942 | |n 0 |2 ddc |c BK | ||
| 952 | |0 0 |1 0 |2 ddc |4 0 |6 665_530288000000000_LIE_2009 |7 0 |8 A |9 598534 |a BIBALI |b BIBALI |d 2024-12-09 |e 1 |g 191484.00 |i 5663561 |o 665.530288 LIE 2009 |p 5663561 |r 2024-12-09 |t 1 |v 191484.00 |w 2024-12-09 |y BK |k ALI | ||